Sovereign Countries - Sudden Death - Statistics

General Stats
  • This quiz has been taken 767 times
    754 since last reset
  • The average score is 16 of 22
Answers on the Grid
Answers color-coded by a green-red scale on the quiz's grid according to % correct below.
Bahamas
Vatican City
Hong Kong
Eswatini
East Timor
Guam
Gibraltar
Abkhazia
Saint Lucia
Greenland
North Korea
French Guiana
Taiwan
Somaliland
Western Sahara
Kosovo
Gambia
Bermuda
Tibet
Nauru
Palestine
Puerto Rico
Jersey
Armenia
Moldova
Northern Mariana Islands
Saint Martin
Maldives
Scotland
Federated States of Micronesia
Russia
Brunei
Saint Kitts and Nevis
Liechtenstein
Transnistria
Hainan
Mauritius
New Caledonia
South Ossetia
Hawaii
Northern Cyprus
Turkmenistan
England
Guadeloupe
San Marino
Saint Pierre and Miquelon
Eritrea
Kaliningrad
 
Answer Stats
Answer % Correct
Vatican City
89%
Bahamas
87%
East Timor
85%
Eswatini
81%
North Korea
80%
Saint Lucia
79%
Gambia
78%
Taiwan
74%
Kosovo
73%
Armenia
71%
Moldova
71%
Nauru
71%
Russia
70%
Liechtenstein
68%
Maldives
68%
Brunei
67%
Federated States of Micronesia
67%
Mauritius
67%
Saint Kitts and Nevis
67%
Turkmenistan
67%
San Marino
66%
Eritrea
64%
No matching quizzes found
Score Distribution
Percent of People with Each Score
Percentile by Number Answered
Your Score History
You have not taken this quiz since the last reset